[Event "XX Sants Open 2018"]
[Site "Cotxeres de Sants"]
[Date "2018.08.23"]
[Round "7"]
[White "MUNOZ, Miguel"]
[Black "Abdulla, Murad"]
[Result "1-0"]
[WhiteElo "2476"]
[BlackElo "2329"]
[Annotator "TA"]
[PlyCount "105"]
[EventDate "2018.08.17"]
[EventType "swiss"]
[EventCountry "ESP"]
[SourceTitle "playchess.com"]
[Source "ChessBase"]
[SourceQuality "1"]

{[%evp 12,105,-28,-29,0,0,0,0,0,0,0,4,0,-12,0,-2,6,-120,-56,-56,-55,-57,-60,-61,-16,-22,-14,-20,16,16,31,26,32,23,23,19,29,29,30,17,17,15,20,14,22,25,25,27,61,61,45,49,61,61,61,61,61,61,94,94,95,91,96,79,116,88,118,118,113,112,156,154,295,275,275,267,294,295,282,222,222,222,222,217,208,200,416,410,470,470,447,432,558,543,29975,927]} 1. e4 c5 2. g3 d5 3. exd5 Qxd5 4. Nf3 Bg4 5. Be2 (5. Bg2 Qe6+ 6. Kf1 Nc6 7. h3 Bh5 8. d3 Nf6 9. Nc3 Rd8 10. Kg1 Qc8 11. Kh2 e6 12. Bf4 Be7 13. Re1 O-O 14. Qc1 Nd4 15. Ne5 Nd7 16. g4 Nxe5 17. Bxe5 {1-0 (61) Mamedov,R (2688)-Najer,E (2679) Doha 2016}) 5... Nc6 6. h3 {B20: Sicilian: Unusual White 2nd moves} Bf5 7. d3 {LiveBook: 3 Games} Nf6 $146 ({Predecessor:} 7... e5 8. Nc3 Qd7 9. g4 Bg6 10. Nh4 Be7 11. g5 Nd4 12. Bg4 {1-0 (34) Munoz Pantoja,M (2500)-Fernandez Cardoso,A (2439) Sitges 2018}) 8. g4 {Nc3 is the strong threat.The position is equal.} Bg6 9. g5 Nd7 10. Nc3 Qd6 11. Nb5 Qb8 12. Be3 a6 13. Nc3 e6 {[%cal Be7e6,Be6e5][%mdl 32]} 14. d4 (14. Qd2 $11) 14... Qd6 (14... Qc7 $1 $17 15. d5 Nb4) 15. Qd2 cxd4 16. Nxd4 Nxd4 17. Bxd4 e5 (17... Bxc2 $5 18. Bxg7 Qxd2+ 19. Kxd2 Bxg7 20. Kxc2 Rc8 $15) 18. Be3 Qxd2+ 19. Bxd2 Bc5 20. O-O-O Bf5 21. f4 O-O-O 22. Bg4 Bxg4 23. hxg4 exf4 24. Bxf4 Nf8 25. Rxd8+ Kxd8 26. Ne4 Ne6 27. Rd1+ Kc8 28. Nxc5 Nxc5 $11 {[%mdl 4096] Endgame KRB-KRN} 29. Be3 Nd7 30. Rh1 f6 31. Bd4 fxg5 32. Bxg7 Re8 33. Rh5 Ne5 34. Rxg5 Nf3 {[%cal Re8e1]} 35. Rc5+ Kd7 {[%cal Re8e1]} 36. Bc3 $1 Nh2 37. g5 Re7 38. Kd2 Ng4 39. Bd4 Rf7 40. Kd3 Kd6 41. b4 b5 (41... b6 $16 42. g6 Nf2+ 43. Ke2 (43. Bxf2 Rxf2 44. gxh7 Rh2 $16) 43... hxg6) 42. g6 hxg6 43. Rg5 Rf4 44. Rxg6+ Kd5 45. Rg5+ Kc6 {[#]} 46. c3 $1 Nf2+ 47. Ke3 Rf7 48. Rg2 Nd1+ $2 {[#]} (48... Nh3 49. Rg6+ Kd5 50. Rxa6 Re7+ 51. Kd2 Ng5) 49. Kd3 $1 $18 Rf1 50. Re2 Kd5 51. Kc2 Kc4 52. Rd2 a5 53. bxa5 {Precision: White = 79%, Black = 37%.} (53. Bb6 $142 Rf4 54. Rxd1 a4 55. Rd4+ Rxd4 56. Bxd4 Kd5 57. Kd3 Kd6 58. c4) 1-0

[Event "XX Sants Open 2018"]
[Site "Cotxeres de Sants"]
[Date "2018.08.23"]
[Round "7"]
[White "Neef, Maximilian"]
[Black "Cruz, Cristhian"]
[Result "1/2-1/2"]
[WhiteElo "2463"]
[BlackElo "2571"]
[Annotator "TA"]
[PlyCount "138"]
[EventDate "2018.08.17"]
[EventType "swiss"]
[EventCountry "ESP"]
[SourceTitle "playchess.com"]
[Source "ChessBase"]
[SourceQuality "1"]

{[%evp 16,138,33,29,20,17,31,22,40,0,23,32,29,18,20,14,29,12,22,18,28,10,14,8,24,0,0,0,0,0,0,0,0,0,6,7,16,0,13,0,0,0,0,0,0,0,2,0,14,6,10,0,27,33,34,0,0,0,112,0,0,0,0,-25,-25,-133,-14,-141,-8,-8,-8,-8,-8,-8,-5,-8,-8,-8,0,0,0,0,0,0,0,0,0,0,0,-8,-8,-7,-8,-8,-8,-8,-8,-8,-8,-8,0,-10,0,0,0,-8,0,0,0,-16,0,0,0,0,0,0,0,0,0,0,0,0,0,0,0]} 1. Nf3 g6 2. g3 Bg7 3. d4 d6 4. Bg2 Nd7 5. O-O e5 6. dxe5 dxe5 7. Nbd2 Ne7 8. e4 O-O 9. b3 b6 $146 {A07: Réti Opening: New York and Capablanca Systems} ({Predecessor:} 9... Nc6 10. c3 a5 11. Qc2 Re8 12. Rd1 Qe7 13. a4 f6 14. Bf1 Bf8 15. Bh3 Nb6 16. Bxc8 Raxc8 17. Nf1 Qf7 18. Be3 Nd7 19. Rd5 b6 20. Rad1 Nc5 21. Bxc5 Bxc5 22. Kg2 Rcd8 23. Rxd8 {½-½ (23) Saric,A (2505)-Kovacevic,B (2452) Zagreb 2008}) 10. a4 Nc6 11. Ba3 Re8 12. Re1 Bb7 13. Nc4 Nd4 14. c3 Nxf3+ 15. Qxf3 Nf6 16. Qe2 a5 17. Qc2 Qc8 18. Rad1 Qe6 19. Ne3 Rad8 20. Rxd8 Rxd8 21. Rd1 Rd7 22. f3 Bf8 23. Bc1 Bc5 24. Bf1 h5 25. Bc4 Qe7 26. h4 Qd8 27. Rxd7 Qxd7 28. Bf1 Ne8 29. Kh2 Nd6 30. Bh3 Qe7 31. Qd3 f5 32. exf5 e4 33. Nd5 Qe5 34. fxe4 gxf5 35. Nxc7 Bxe4 36. Qd2 Kf7 (36... Nf7 $11 {remains equal.} 37. Nb5 Qe6) 37. Nb5 (37. Qe1 $16) 37... Nxb5 $11 38. axb5 Bd6 {[%csl Gd6][%cal Re5g3]} 39. Qe3 Qxb5 40. Qd2 {[#]} (40. c4 $11 Qe5 41. Qg5) 40... Qe5 ({Black should try} 40... Ke6 $1 $17 41. c4 Qe5) 41. Qe1 (41. Qg5 $11) 41... Bd5 (41... Bd3 $17 42. Qf2 Qxc3) 42. Qxe5 {The position is equal.} Bxe5 {[%mdl 4096] Endgame KBB-KBB} 43. c4 Be4 {aiming for ...Bc2.} 44. Be3 Bc7 {[#] ...Bc2 is the strong threat.} 45. Bg2 Bc2 46. c5 b5 47. Bc6 b4 48. Ba4 $1 Ke6 49. Kg2 Be4+ 50. Kf2 Bd5 51. Bg5 Be5 52. Bd8 Bd4+ 53. Ke2 Bxc5 54. Bxa5 Bd6 55. Kf2 Ke5 {White should prevent ...Kd4.} 56. Ke3 Be4 57. Be8 Bd5 58. Ba4 Bc5+ 59. Kd3 Kd6 60. Kc2 Be4+ 61. Kd2 Bd5 62. Kc2 Ke6 63. Bc7 Be4+ 64. Kd2 Bd5 65. Bf4 Bd4 66. Kd3 Be5 67. Ke3 $1 Bc3 68. Kd3 Be5 69. Ke3 Bc3 {Precision: White = 50%, Black = 52%.} 1/2-1/2

[Event "XX Sants Open 2018"]
[Site "Cotxeres de Sants"]
[Date "2018.08.23"]
[Round "7"]
[White "Vidal Zamora, Alex"]
[Black "Martinez Alcantara, Jose Eduardo"]
[Result "0-1"]
[WhiteElo "2404"]
[BlackElo "2561"]
[Annotator "TA"]
[PlyCount "118"]
[EventDate "2018.08.17"]
[EventType "swiss"]
[EventCountry "ESP"]
[SourceTitle "playchess.com"]
[Source "ChessBase"]
[SourceQuality "1"]

{[%evp 32,118,8,6,14,0,0,-16,-12,-25,-16,-16,-16,-8,-11,-20,-14,-12,-15,-45,-35,-53,-54,-52,-52,-83,-65,-112,-109,-117,-114,-139,-133,-151,-144,-143,-140,-152,-150,-166,-145,-129,-128,-228,-188,-264,-262,-254,-251,-268,-266,-257,-242,-260,-200,-295,-294,-294,-294,-294,-287,-272,-258,-500,-483,-1820,-1820,-584,-1661,-1491,-1324,-1839,-1703,-1575,-1469,-1634,-1307,-1214,-580,-5181,-5076,-4686,-2452,-29971,-29972,-29972,-29973,-29971,-29973]} 1. d4 Nf6 2. c4 e6 3. Nc3 Bb4 4. e3 O-O 5. Bd3 d5 6. Nf3 c5 7. O-O cxd4 8. exd4 dxc4 9. Bxc4 b6 10. Bg5 Bb7 11. Qe2 Bxc3 12. bxc3 Nbd7 13. Bd3 Qc7 14. c4 Ng4 {E54: Nimzo-Indian: Rubinstein: Main Line: 7...dxc4 8 Bxc4} 15. Be4 Bxe4 16. Qxe4 Ngf6 17. Qe2 {LiveBook: 11 Games} (17. Qd3 Rac8 18. Rfc1 Rfe8 19. Qb1 h6 20. Bxf6 Nxf6 21. a4 Red8 22. a5 bxa5 {½-½ (44) Korobov,A (2711)-Yu,Y (2749) Khanty-Mansiysk 2017}) 17... h6 18. Bxf6 (18. Bd2 {is interesting.} Rfe8 19. Rfe1 Rac8 20. Rac1 Nb8 21. Bb4) 18... Nxf6 19. Rac1 Rac8 20. Rc2 $146 ({Predecessor:} 20. Qe3 Rfd8 21. h3 Ne8 22. c5 Nf6 23. Ne5 bxc5 24. Rxc5 {½-½ (50) Backe,P (2365)-Polakovic,P (2335) ICCF email 1998}) 20... Qd6 21. Rfc1 Nd7 22. Qe3 Rc6 23. Qb3 Rfc8 24. Qa4 R6c7 25. h3 e5 26. dxe5 Nxe5 27. Nxe5 Qxe5 28. Qb3 Qe6 29. Rd1 Rxc4 30. Rcd2 Rc1 31. Qxe6 fxe6 32. Rxc1 Rxc1+ $17 {[%mdl 4096] Endgame KR-KR} 33. Kh2 Rc3 34. Rd8+ Kh7 35. a4 Ra3 36. Rd4 Kg6 37. f4 (37. g3 $17) 37... Kf6 38. g4 (38. Rb4 $142) 38... g5 $19 39. Kg2 a5 40. Rc4 Re3 41. fxg5+ hxg5 42. Rc8 Re4 43. Rb8 (43. Rf8+ {was necessary.} Ke5 44. Rg8) 43... Rxa4 44. Rxb6 Rb4 45. Ra6 a4 {[%cal Ba5a4,Ba4a3][%mdl 32]} 46. Ra5 Rb2+ 47. Kg3 $2 {[#]} (47. Kf3 Rb3+ 48. Ke4) 47... Rb3+ 48. Kf2 (48. Kg2 $142 a3 49. Ra6) 48... a3 49. Kg2 e5 50. Ra6+ Kf7 51. Ra7+ Ke6 52. Ra5 Rd3 53. Kh2 Rc3 54. Kg2 Rb3 55. Kh2 e4 {[%cal Be5e4,Be4e3,Be3e2][%mdl 32]} 56. Kg1 Rxh3 57. Rxg5 e3 {Black mates.} 58. Ra5 e2 59. Kf2 Rh1 {Precision: White = 29%, Black = 91%.} 0-1

[Event "XX Sants Open 2018"]
[Site "Cotxeres de Sants"]
[Date "2018.08.23"]
[Round "7"]
[White "Perez Garcia, Jose Miguel"]
[Black "Gutierrez Palomino, Albert"]
[Result "1/2-1/2"]
[WhiteElo "1910"]
[BlackElo "1912"]
[Annotator "NA RC"]
[PlyCount "174"]
[EventDate "2018.08.17"]
[EventType "swiss"]
[EventCountry "ESP"]
[SourceTitle "playchess.com"]
[Source "ChessBase"]
[SourceQuality "1"]
[TimeControl "40/5400+30:1800+30"]

1. e4 e6 2. d4 d5 3. Nd2 c5 4. exd5 Qxd5 5. dxc5 Bxc5 6. Ngf3 Nf6 7. Bc4 Qd6 8. O-O O-O 9. Nb3 {C07: French Tarrasch: 3...c5, 4 Ngf3 and 4 exd5 Qxd5} Qxd1 10. Rxd1 Bb6 (10... Be7 11. Nbd4 Nbd7 12. Bf4 Nb6 13. Bb3 Bd7 14. a4 Nbd5 15. Bg3 Rfd8 {½-½ (32) Rogic,D (2571)-Prusikin,M (2545) Austria 2012}) 11. Re1 Nc6 12. Bf4 Nb4 $146 ({Predecessor:} 12... a6 13. c3 Ba7 14. Rad1 b5 15. Bd3 Bb7 16. Be3 Bxe3 17. Rxe3 {½-½ (62) Patriki,A (1039)-Koukouraki,H (1201) Porto Rio 2016}) 13. Re2 Nbd5 14. Bg3 Bd7 15. Ne5 Ba4 16. c3 Rac8 17. Rd1 Rfd8 18. Ree1 h6 19. Be2 Ne4 20. Bh5 Nd6 21. Bg4 Nf5 22. Bf3 Nxg3 23. hxg3 Bc7 24. Nd3 b6 25. Ndc1 Nf6 26. Rd4 Rxd4 27. Nxd4 Rd8 28. b3 Be8 29. Rd1 Kf8 30. Kf1 Nd5 31. Rd3 a6 32. Nc2 Ke7 33. Bxd5 Rxd5 34. Rxd5 exd5 35. Nb4 Kd6 36. Ne2 a5 37. Nc2 Bd8 38. Ncd4 g6 39. f3 Bf6 40. Kf2 Bd7 41. Ke3 Kc5 42. Kd3 b5 43. a3 Be5 44. b4+ axb4 45. axb4+ Kd6 46. f4 Bf6 47. Nc1 Bd8 48. Ncb3 Bb6 49. Na1 Ke7 50. Nac2 Kd6 51. Na3 Bxd4 52. Kxd4 f6 53. Nc2 h5 54. Ne3 Be6 55. Nf1 g5 56. Nd2 Bf5 57. fxg5 fxg5 58. Nf3 g4 59. Nd2 Bc2 60. Nf1 Be4 61. Ne3 Ke6 62. Kc5 Ke5 63. Kxb5 d4 64. Nc4+ $11 Kd5 (64... Ke6 65. Nd2 (65. cxd4 Kd5 $15) 65... Bxg2 66. Kc4 dxc3 67. Kxc3) 65. Nb6+ Ke5 66. cxd4+ $2 Kxd4 67. Nd7 (67. Nc8 $142 Bxg2 68. Nd6) 67... Bxg2 68. Nf6 Bf1+ 69. Ka5 h4 70. Nxg4 hxg3 71. b5 Bxb5 72. Kxb5 g2 73. Nh2 Ke3 74. Ng4+ Kf4 (74... Kf3 $142 75. Nf6 g1=Q 76. Kc4 Qg6 77. Nd5 Ke4 78. Nc3+ Ke5 79. Nb5 Qg4+ 80. Kc5 Qe4 81. Nc7 Qd4+ 82. Kb5 Qd7+ 83. Kb6 Qd6+ 84. Kb7 Qc5 85. Na6 Qb5+ 86. Kc7 Qxa6 87. Kb8 Qb5+ 88. Ka8 Kd6 89. Ka7 Kc7 90. Ka8 Qb8#) 75. Nf2 Kg3 76. Ne4+ Kf3 77. Ng5+ Kg4 78. Ne4 g1=Q 79. Nc5 Kf5 80. Kc4 Ke5 81. Nd3+ Kd6 82. Kc3 Qe3 83. Kc4 Qe4+ 84. Kc3 Kd5 85. Nb4+ Kc5 86. Nd3+ Qxd3+ $11 (86... Kb5 {mates} 87. Nb2 Qe1+ 88. Kc2 Qe2+ 89. Kc3 Qe5+ 90. Kc2 Qc5+ 91. Kd2 Qb4+ 92. Kc2 Qc5+ 93. Kd2 Qb4+ 94. Kc2 Qc5+) 87. Kxd3 Kd5 {Kd4+} 1/2-1/2

[Event "XX Sants Open 2018"]
[Site "Cotxeres de Sants"]
[Date "2018.08.23"]
[Round "7"]
[White "Martin Villanova, Jordi"]
[Black "Barragan Hernandez, Manel"]
[Result "0-1"]
[WhiteElo "1909"]
[BlackElo "1799"]
[Annotator "NA RC"]
[PlyCount "70"]
[EventDate "2018.08.17"]
[EventType "swiss"]
[EventCountry "ESP"]
[SourceTitle "playchess.com"]
[Source "ChessBase"]
[SourceQuality "1"]
[TimeControl "40/5400+30:1800+30"]

1. Nf3 Nf6 2. g3 g6 3. Bg2 Bg7 4. O-O O-O 5. c4 d6 6. d4 Nbd7 7. Nc3 e5 8. d5 a5 9. Qc2 Nc5 10. e4 Nfd7 11. Nh4 Nb6 12. Be3 Nxc4 13. Bxc5 dxc5 14. Nb5 Nd6 15. Qxc5 b6 16. Qxc7 Nxb5 17. Qxd8 Rxd8 18. Rfc1 Bd7 19. a4 Nd4 20. Rc7 Nb3 21. Ra3 Nc5 22. Rxc5 bxc5 23. Rc3 Bxa4 24. b3 Bd7 25. Rxc5 Rdc8 26. Rxc8+ Rxc8 27. f4 Rc1+ 28. Kf2 Rb1 29. Nf3 Rb2+ 30. Kg1 f6 31. fxe5 fxe5 32. Bf1 Rxb3 33. Nd2 Rb2 34. Nc4 Rb1 35. Nd2 Rd1 0-1

[Event "XX Sants Open 2018"]
[Site "Cotxeres de Sants"]
[Date "2018.08.23"]
[Round "7"]
[White "Martinez Torras, Pol"]
[Black "Vadillo, Torre Ismael"]
[Result "0-1"]
[WhiteElo "1642"]
[BlackElo "1567"]
[Annotator "NA RC"]
[PlyCount "106"]
[EventDate "2018.08.17"]
[EventType "swiss"]
[EventCountry "ESP"]
[SourceTitle "playchess.com"]
[Source "ChessBase"]
[SourceQuality "1"]
[TimeControl "40/5400+30:1800+30"]

1. c4 {[%emt 0:00:00]} c5 {[%emt 0:00:04]} 2. g3 {[%emt 0:00:00]} Nc6 {[%emt 0:01:25]} 3. Bg2 {[%emt 0:00:00]} g6 {[%emt 0:01:35]} 4. Nc3 {[%emt 0:00:17]} Bg7 {[%emt 0:00:44]} 5. Nf3 {[%emt 0:00:49]} Nf6 {[%emt 0:01:53]} 6. O-O {[%emt 0:01:05]} O-O {[%emt 0:00:35]} 7. Rb1 {[%emt 0:04:05]} d5 {[%emt 0:07:48]} 8. cxd5 {[%emt 0:11:31]} Nxd5 {[%emt 0:00:09]} 9. a3 {[%emt 0:03:21]} Rb8 {[%emt 0:08:05]} 10. Nxd5 {[%emt 0:02:58]} Qxd5 {[%emt 0:00:18]} 11. d3 {[%emt 0:03:13]} Qh5 {[%emt 0:05:08]} 12. b4 {[%emt 0:04:33]} cxb4 {[%emt 0:02:33]} 13. axb4 {[%emt 0:00:06]} a6 {[%emt 0:01:25]} 14. Be3 {[%emt 0:06:12]} Bg4 {[%emt 0:12:02]} 15. Re1 {[%emt 0:05:39]} Rfd8 {[%emt 0:09:28]} 16. Qb3 {[%emt 0:06:30]} Be6 {[%emt 0:04:11]} 17. Qa4 {[%emt 0:01:32]} Bd7 {[%emt 0:09:49]} 18. Qa2 {[%emt 0:07:29]} Be6 {[%emt 0:00:55]} 19. Qd2 {[%emt 0:00:47]} Ne5 {[%emt 0:09:29]} 20. Bf4 {[%emt 0:04:08]} Rbc8 {[%emt 0:02:13]} 21. Bxe5 {[%emt 0:01:27]} Bxe5 {[%emt 0:01:49]} 22. Nxe5 {[%emt 0:00:25]} Qxe5 {[%emt 0:01:49]} 23. Bxb7 {[%emt 0:00:30]} Rb8 {[%emt 0:01:53]} 24. Bxa6 {[%emt 0:00:19]} Bh3 {[%emt 0:01:17]} 25. Bc4 {[%emt 0:01:44]} Qd4 {[%emt 0:01:08]} 26. Qf4 {[%emt 0:01:37]} Qxf4 {[%emt 0:02:01]} 27. gxf4 {[%emt 0:00:06]} Rd6 {[%emt 0:01:17]} 28. Rb2 {[%emt 0:01:48]} Rbb6 {[%emt 0:01:37]} 29. f3 {[%emt 0:01:09]} Rf6 {[%emt 0:00:30]} 30. e3 {[%emt 0:00:20]} g5 {[%emt 0:00:53]} 31. Kf2 {[%emt 0:01:50]} gxf4 {[%emt 0:01:05]} 32. exf4 {[%emt 0:00:20]} Rg6 {[%emt 0:01:33]} 33. Rg1 {[%emt 0:00:23]} Rxg1 {[%emt 0:00:24]} 34. Kxg1 {[%emt 0:00:15]} Rg6+ {[%emt 0:00:03]} 35. Kf2 {[%emt 0:00:21]} Rg2+ {[%emt 0:00:02]} 36. Ke3 {[%emt 0:00:15]} Rxb2 {[%emt 0:00:12]} 37. b5 {[%emt 0:00:09]} Be6 {[%emt 0:00:18]} 38. Kd4 {[%emt 0:00:24]} Kf8 {[%emt 0:00:51]} 39. Kc5 {[%emt 0:01:00]} Rxh2 {[%emt 0:02:03]} 40. b6 {[%emt 0:00:00]} Bxc4 {[%emt 0:00:00]} 41. dxc4 {[%emt 0:01:48]} Rb2 {[%emt 0:01:54]} 42. Kc6 {[%emt 0:00:10]} h5 {[%emt 0:10:02]} 43. c5 {[%emt 0:00:27]} h4 {[%emt 0:01:47]} 44. b7 {[%emt 0:00:50]} h3 {[%emt 0:00:31]} 45. Kc7 {[%emt 0:00:07]} h2 {[%emt 0:01:09]} 46. c6 {[%emt 0:01:16]} h1=Q {[%emt 0:00:18]} 47. b8=Q+ {[%emt 0:01:46]} Rxb8 {[%emt 0:00:27]} 48. Kxb8 {[%emt 0:00:02]} Qb1+ {[%emt 0:01:35]} 49. Ka7 {[%emt 0:00:16]} Qa2+ {[%emt 0:00:49]} 50. Kb7 {[%emt 0:00:15]} Qd5 {[%emt 0:00:39]} 51. Kb6 {[%emt 0:00:08]} Ke8 {[%emt 0:06:00]} 52. Kc7 {[%emt 0:01:03]} e6 {[%emt 0:01:24]} 53. Kb6 {[%emt 0:00:18]} Kd8 {[%emt 0:00:49]} 0-1

[Event "XX Sants Open 2018"]
[Site "Cotxeres de Sants"]
[Date "2018.08.23"]
[Round "7"]
[White "Romero Funieles, Rafael de Jesus"]
[Black "Grasa Solanas, Oscar"]
[Result "0-1"]
[WhiteElo "1642"]
[BlackElo "1646"]
[Annotator "NA RC"]
[PlyCount "72"]
[EventDate "2018.08.17"]
[EventType "swiss"]
[EventCountry "ESP"]
[SourceTitle "playchess.com"]
[Source "ChessBase"]
[SourceQuality "1"]
[TimeControl "40/5400+30:1800+30"]

1. a3 e5 2. e3 d5 3. h3 Nf6 4. Nf3 Bd6 5. c4 e4 6. Nd4 c5 7. Nb5 O-O 8. Nxd6 Qxd6 9. Nc3 d4 10. exd4 cxd4 11. Nb5 Qd8 12. a4 Nc6 13. b3 a6 14. Na3 Bf5 15. g4 Bg6 16. Bg2 Nd7 17. Nc2 Nc5 18. O-O Nxb3 19. Rb1 Nxc1 20. Qxc1 Rb8 21. c5 f5 22. gxf5 Bxf5 23. Rb3 d3 24. Ne3 Nd4 25. Qb1 Nxb3 26. Qxb3+ Kh8 27. Nxf5 Rxf5 28. Bxe4 Rxc5 29. Qf7 Re5 30. Qf3 Qe7 31. Bxd3 Rf8 32. Qd1 Qh4 33. Be2 Qxh3 34. Bg4 Rg5 35. f3 Qg3+ 36. Kh1 Rf6 0-1

[Event "XX Sants Open 2018"]
[Site "Cotxeres de Sants"]
[Date "2018.08.23"]
[Round "7"]
[White "Martin Sanchez, Antoni"]
[Black "Buisan Arnau, Oriol"]
[Result "1/2-1/2"]
[WhiteElo "1535"]
[BlackElo "1599"]
[Annotator "NA"]
[PlyCount "98"]
[EventDate "2018.08.17"]
[EventType "swiss"]
[EventCountry "ESP"]
[SourceTitle "playchess.com"]
[Source "ChessBase"]
[SourceQuality "1"]
[TimeControl "40/5400+30:1800+30"]

1. d4 d5 2. Nf3 Nf6 3. Nbd2 Bf5 4. g3 c6 5. Bg2 e6 6. O-O Bd6 7. Re1 Nbd7 8. b3 O-O 9. Bb2 Re8 10. Ne5 h6 11. f4 c5 12. c3 cxd4 13. cxd4 Rc8 14. h3 Bc2 15. Qc1 Bxb3 16. Qb1 Bc2 17. Qc1 Be4 18. Qd1 Bxg2 19. Kxg2 Bb4 20. e3 Bxd2 21. Qxd2 Ne4 22. Qe2 Nxe5 23. fxe5 Qg5 24. g4 Qh4 25. Qf3 Rc2+ 26. Re2 Rxe2+ 27. Qxe2 Qg3+ 28. Kf1 Qxh3+ 29. Kg1 Rc8 30. Rc1 Rxc1+ 31. Bxc1 Qg3+ 32. Kf1 Qh4 33. Qg2 Qg3 34. Qe2 Qh3+ 35. Kg1 Ng3 36. Qf3 Qh4 37. Bd2 Ne4 38. Bb4 Qg3+ 39. Qxg3 Nxg3 40. Kf2 Ne4+ 41. Kf3 a6 42. a3 Kh7 43. Be7 Kg6 44. Bd8 h5 45. gxh5+ Kxh5 46. a4 g5 47. a5 g4+ 48. Kf4 Nc3 49. Be7 Ne2# 1/2-1/2

[Event "XX Sants Open 2018"]
[Site "Cotxeres de Sants"]
[Date "2018.08.24"]
[Round "8"]
[White "Swiercz, Dariusz"]
[Black "Diermair, Andreas"]
[Result "1-0"]
[WhiteElo "2669"]
[BlackElo "2501"]
[Annotator "TA"]
[PlyCount "101"]
[EventDate "2018.08.17"]
[EventType "swiss"]
[EventCountry "ESP"]
[SourceTitle "playchess.com"]
[Source "ChessBase"]
[SourceQuality "1"]

{[%evp 14,101,4,16,26,10,21,9,27,21,19,17,35,44,58,57,62,70,83,74,84,77,137,151,181,167,193,170,170,143,147,64,68,67,72,72,86,14,12,0,0,0,0,0,27,27,39,37,85,85,85,85,85,85,88,88,88,87,85,83,83,26,933,728,994,1420,1434,1370,1349,1162,987,769,1955,1818,1431,1220,5385,2936,1249,2483,1917,4028,2506,1610,12842,12843,12843,12843,12845,12845]} 1. d4 Nf6 2. c4 e6 3. g3 d5 4. Bg2 dxc4 5. Nf3 Bb4+ 6. Bd2 a5 7. a3 {E04: Open Catalan: 5 Nf3} Be7 8. Qa4+ {LiveBook: 6 Games} Nbd7 9. Qxc4 {White has an edge.} c5 $146 ({Predecessor:} 9... O-O 10. O-O c5 11. Nc3 b6 12. Rfd1 Ba6 13. Qa2 Bb7 14. Bg5 Nd5 15. Bxe7 Qxe7 {½-½ (30) Bosiocic,M (2597)-Nisipeanu,L (2673) Austria 2018}) 10. Nc3 O-O 11. dxc5 Nxc5 12. Ne5 Nfd7 13. Bf4 Qb6 14. O-O Nxe5 15. Bxe5 Bd7 16. b4 axb4 17. axb4 {Hoping for Rxa8.} ({Much worse is} 17. Qxb4 Qd8 $11) 17... Na4 ({Better is} 17... Rxa1 18. Rxa1 Na6) 18. Qg4 $16 {[%csl Ge5][%cal Rg4g7]} f6 {[#]} 19. Nd5 $1 {[%cal Rd5b6][%mdl 512]} Qd8 (19... exd5 20. Qxd7) 20. Bc7 Qe8 21. Nxe7+ Qxe7 22. Qd4 ({But not} 22. Bxb7 $6 Ra7 $14) (22. Rac1 $16) 22... Bb5 $1 $14 23. Rfc1 $1 Rac8 24. Ba5 $1 Kh8 25. Rxc8 (25. Bf3 $16) 25... Rxc8 $11 26. Qa7 Nc3 27. Qxb7 Nxe2+ 28. Kh1 Qe8 29. Bb6 Kg8 30. Bc5 Bc6 31. Bxc6 $40 {[%mdl 128] White wants a kill.} Qxc6+ 32. Qxc6 Rxc6 $16 {[%mdl 4096] Endgame KRB-KRN} 33. Ra3 e5 34. Kg2 Nd4 35. Bxd4 exd4 {[#] KR-KR} 36. Kf3 $1 Rc2 {[#]} 37. Rb3 (37. Rd3 $1 $16) 37... d3 $2 {[%mdl 8192]} (37... Kf7 $11) 38. b5 $18 {[%cal Bb4b5,Bb5b6,Bb6b7][%mdl 32] White is clearly winning.} d2 39. Ke2 Kf7 40. b6 Rc8 41. Kxd2 Ke6 42. Ke3 Kd6 43. b7 Rb8 44. Ke4 Re8+ 45. Kf5 Rb8 46. h4 {[%cal Bh2h4,Bh4h5][%mdl 32]} Ke7 47. h5 Kf7 48. Rb6 g6+ 49. hxg6+ hxg6+ 50. Ke4 Ke7 51. Kd5 {Precision: White = 79%, Black = 42%.} 1-0

[Event "XX Sants Open 2018"]
[Site "Cotxeres de Sants"]
[Date "2018.08.24"]
[Round "8"]
[White "Gledura, Benjamin"]
[Black "Zanan, Evgeny"]
[Result "1-0"]
[WhiteElo "2626"]
[BlackElo "2512"]
[Annotator "TA"]
[PlyCount "105"]
[EventDate "2018.08.17"]
[EventType "swiss"]
[EventCountry "ESP"]
[SourceTitle "playchess.com"]
[Source "ChessBase"]
[SourceQuality "1"]

{[%evp 18,105,31,11,31,0,0,0,0,0,6,0,0,0,0,0,12,7,16,0,6,0,15,15,15,7,15,15,15,15,15,15,15,15,15,8,8,8,8,8,17,17,23,8,33,33,37,37,25,62,25,38,62,62,62,62,61,61,61,61,60,16,0,0,0,0,0,0,960,924,736,0,0,0,0,0,0,0,0,0,29967,29963,5189,5106,29993,29994,29996,29997,29997,29998]} 1. d4 Nf6 2. c4 e6 3. Nf3 d5 4. g3 Be7 5. Bg2 O-O 6. O-O dxc4 7. Qc2 b6 {E05: Katalanisch} (7... a6 8. a4 Bd7 9. Rd1 Bc6 10. Bg5 b5 11. Bxf6 Bxf6 12. Nc3 Qe8 13. e4 g6 14. h4 Nd7 15. axb5 axb5 16. Rxa8 Qxa8 {½-½ (26) Mamedyarov,S (2808)-So,W (2778) Stavanger 2018}) 8. Bg5 Nd5 9. Bxe7 Qxe7 10. Nbd2 {[%cal Bb1d2,Bd2b3,Bb3c5][%mdl 32] LiveBook: 6 Partien} b5 11. b3 $146 ({Vorgänger:} 11. a4 c6 12. e4 Nb6 13. e5 a6 14. a5 Nd5 15. Ne4 {0-1 (58) Ivlev,A (2334)-Oganian,M (2412) Maikop 2018}) 11... cxb3 12. Nxb3 a5 {[%cal Ba7a5,Ba5a4][%mdl 32]} 13. Rfc1 a4 14. Nc5 c6 15. Ne5 f6 16. Ned3 Rd8 17. e3 Ra7 18. a3 Nd7 (18... Rc7 {looks sharper.} 19. Qb2 Nb6 20. Rab1 Nc4 21. Qb4 Nb6) 19. Qa2 {zielt auf Sxe6! ab.} Nxc5 20. Rxc5 Bd7 21. Rac1 Be8 22. Qb2 Qd6 23. Nb4 Nxb4 24. Qxb4 Re7 25. Qb2 {[%cal Rg2c6]} Rc7 26. f4 Rb8 27. Be4 Rb6 28. Qc2 g6 29. Qc3 Ra7 30. h4 ({Doch nicht} 30. Bxc6 Bxc6 31. Rxc6 Rxc6 $17) 30... Kg7 31. g4 {[%cal Bg3g4,Bg4g5][%mdl 32]} Re7 32. g5 {gxf6+ ist eine echte Drohung.} e5 $1 {[%cal Re5d4]} 33. dxe5 fxe5 34. Bf3 Kg8 35. Rd1 ({Viel schlechter ist} 35. Rxe5 b4 $15) 35... Qb8 36. Rxe5 $40 {[%mdl 128] Weiss hat einigen Angriff.} b4 37. axb4 Rxe5 38. fxe5 Rxb4 39. Bxc6 Bf7 $1 40. Bd5 Bxd5 ({Nur nicht} 40... Rxh4 $2 41. e6 $18) 41. Rxd5 $11 {[%mdl 4096] Endspiel KDT-KDT} Rg4+ 42. Kh2 $1 Rxh4+ $2 {[%mdl 8192]} (42... Qf8 $11 43. Qd2 Qf5 44. Rd8+ Kg7 45. Rd7+ Kh8 46. Rd8+ Kg7 47. Rd7+ Kh8 48. Rd8+ Kg7) 43. Kg3 $18 Rh5 {[#]} 44. Kg4 $2 ({Der einzige Zug:} 44. Qc4 $1 $18 {Weiss will mit Td8+ Matt setzen.} Rxg5+ 45. Kh4 Rh5+ 46. Kg4) 44... h6 45. e6 hxg5 {Und weiter mit ...Th4+ wäre nett.} 46. e7 {Weiss droht Td8+ und Matt.} Rh4+ 47. Kf3 Rh3+ 48. Ke2 {Beabsichtigt Td8+ und Matt.} Rh2+ $2 {[%mdl 8192] [#]} (48... Kf7 $11 49. e8=Q+ Qxe8 50. Qc7+ Kf6 51. Rd6+ Kf5 52. Rd5+ Kg4 53. Rd4+ Kf5 54. Rd5+ Kg4 55. Rd4+ Kf5 56. Rd5+) 49. Kd3 Qb1+ 50. Kd4 Rh4+ 51. Kc5 {Weiß setzt Matt.} Re4 52. Rd8+ Kf7 53. Rf8+ {Precision: Weiß = 74%, Schwarz = 62%.} 1-0